000 00351nam a2200145Ia 4500
008 150201s2009 xx 000 0 und d
082 _a617.96
_bC09M
100 _aMORGEIN, G. EDWARD
245 _aCLINICAL ANAESTHESIOLOGY
250 _a4TH
260 _bJAYPEE BROTHERS
_aDELHI
_c2009
300 _a1-1105
650 _aANAESTHESIOLOGY
942 _2ddc
_cBK
999 _c98
_d98